Countries Most Similar To Malaysia - Statistics

General Stats
  • This quiz has been taken 147 times
  • The average score is 9 of 20
Answer Stats
Rank Country Score % Correct
2 Indonesia 75.1
95%
3 Singapore 67.8
92%
1 Brunei 79.5
89%
5 Thailand 64
89%
6 Vietnam 62.2
82%
4 Philippines 65.6
77%
9 Myanmar 60.1
69%
16 Cambodia 57.2
66%
14 Bangladesh 67.2
48%
10 Sri Lanka 60
43%
12 Taiwan 59.8
37%
8 Fiji 60.3
18%
13 Vanuatu 57.7
15%
11 Samoa 60
11%
18 Solomon Islands 56.6
9%
7 Mauritius 60.5
7%
19 Panama 56.4
5%
20 Costa Rica 56.4
3%
15 Suriname 57.2
2%
17 Trinidad and Tobago 571.
2%
No matching quizzes found
Score Distribution
Percent of People with Each Score
Percentile by Number Answered
Your Score History
You have not taken this quiz